书目信息 |
| 题名: |
俄国文学史
|
|
| 作者: | 高尔基 著 ;缪灵珠 译 | |
| 分册: | ||
| 出版信息: | 上海 上海译文出版社 1979 |
|
| 页数: | 602页 | |
| 开本: | 20cm | |
| 丛书名: | ||
| 单 册: | ||
| 中图分类: | I512.09 | |
| 科图分类: | ||
| 主题词: | 文学史--苏联 | |
| 电子资源: | ||
| ISBN: | ||
| 000 | 00652nam0 2200241 45 | |
| 001 | 0179006023 | |
| 005 | 20051026083026.81 | |
| 010 | @dCNY1.90 | |
| 091 | @a10188.73 | |
| 100 | @a19950721d1979 em y0chiy0121 ea | |
| 101 | 1 | @achi@crus |
| 102 | @aCN@b310000 | |
| 105 | @ay z 000zy | |
| 200 | 10 | @a俄国文学史@Ae guo wen xue shi@f(苏)高尔基著@F(su)gao er ji zhu@g缪灵珠译 |
| 205 | @a新1版 | |
| 210 | @a上海@c上海译文出版社@d1979 | |
| 215 | @a602页@d20cm | |
| 606 | @a文学史@y苏联 | |
| 690 | @aI512.09@v3 | |
| 701 | 0 | @a高尔基@Agao er ji@4著 |
| 702 | 0 | @a缪灵珠@Amiu ling zhu@4译 |
| 801 | 0 | @aCN@bNLC@c20051026 |
| 905 | @f1@b19652@dI512.09@e70 | |
| 俄国文学史/(苏)高尔基著/缪灵珠译.-新1版.-上海:上海译文出版社,1979 |
| 602页;20cm |
| ISBN :CNY1.90 |
| ● |
| 相关链接 |
|
|
|
|
正题名:俄国文学史
索取号:I512.09/70
 
预约/预借
| 序号 | 登录号 | 条形码 | 馆藏地/架位号 | 状态 | 备注 |
| 1 | 0019651 | 202132888 | 密集书库/ [索取号:I512.09/70] | 在馆 | |
| 2 | 0019652 | 000550996 | 第二借阅区/ [索取号:I512.09/70] | 在馆 |